000 00282pab a2200109 454500
008 180718b xxu||||| |||| 00| 0 eng d
100 _aAndersen, Walter K
245 _aIndia's 1991 elections: the uncertain verdict
650 _aElections - India
773 _aAsian Survey
909 _a2603
999 _c2603
_d2603